00622nam a2200181 i 450000100060000000300090000600500170001500700030003200800410003510000310007624500870010725000150019426000380020930000220024785200320026999900170030195201220031833845ES-MaACL20230906154830.0t|030203s1971 sp ||||1| cat d1 aBlade Desumvila, A.92907910aGent de la Ribera d'Ebre b: (Artesans, pagesos, rodaires) / cA. Blade Desumvila. a[1ª ed.]. a[Barcelona : bPáortic, c1971] a178 p. ; c19 cm. aES-MaACLjC-49183 bR.80287 c33845d33845 00104070aATENEOMbATENEOMcDEPO2d2008-01-17eSCl0oC-49183p1035239r2023-02-23 00:00:00w2023-02-23yMONOGRAFIA